L'invenzione della bisessualità : discussioni fra teologi, medici e giuristi del 17. secolo sull'ambiguità dei corpi e delle anime /

Saved in:
Bibliografiske detaljer
Hovedforfatter: Marchetti, Valerio (Author)
Format: Bog
Sprog:italiensk
Udgivet: Milano : B. Mondadori, ©2001
Serier:Sintesi
Fag:
Tags: Tilføj Tag
Ingen Tags, Vær først til at tagge denne postø!

MARC

LEADER 00000nam a22000007i 4500
001 IT\ICCU\RAV\0745370
003 ItRI
005 20250822193033.0
008 010424s2001 it |||||| ||||| |||||c
020 |a 8842497363 
040 |b ita  |c ct 
041 7 |a ita  |2 ISO-639-2 
082 |a 616.694  |2 21 
100 1 |a Marchetti, Valerio  |0 IT\ICCU\CFIV\082163  |4 aut 
245 1 2 |a L'invenzione della bisessualità :  |b discussioni fra teologi, medici e giuristi del 17. secolo sull'ambiguità dei corpi e delle anime /  |c Valerio Marchetti. 
260 |a Milano :  |b B. Mondadori,  |c ©2001 
300 |a XVIII, 381 p. ;  |c 21 cm. 
650 7 |a Ermafroditismo 
830 0 |a Sintesi  |0 IT\ICCU\VIA\0057660 
942 |2 ddc  |c BK 
952 |0 0  |1 0  |2 ddc  |4 0  |7 0  |9 8954  |a MI  |b MI  |d 2009-10-16  |i 5723  |l 0  |p CDOM5723  |r 2025-07-17 21:50:40  |w 2025-07-17  |x ACQUISTO  |y BK 
981 1 |6 z01  |a i   |b xxxe  
982 1 |6 z01  |a n 
999 |c 7449  |d 7449